| 000 | 00533cam8a220018100 4500 | ||
|---|---|---|---|
| 001 | tmp15758959 | ||
| 003 | UPRA | ||
| 005 | 20190819092057.0 | ||
| 008 | 951023s1991 xx eng u | ||
| 035 | _a(Sirsi) r42261 | ||
| 035 | _a(UPRA)tmp15758959 | ||
| 040 | _cUPRA | ||
| 100 | 1 |
_aGarba, Joseph Nanven, 1943- _dGarba, Joseph Nanven, 1943- _6A102441.1 |
|
| 245 | 1 | 0 |
_aDiplomatic soldiering : _bthe conduct of Nigerian foreign. |
| 260 | _c1991. | ||
| 949 |
_aKJ575 _wlcc _i33729001717854 _mMAIN _p2500 _tBOOK _lON-SHELF |
||
| 004 | 42261 | ||
| 999 |
_c96441 _d96441 |
||